00815naa a2200289 a 450000100080000000500110000800800410001910000200006024501570008026000090023730000180024649000080026465000090027265000100028165000260029165300260031765300230034365300150036665300150038165300120039665300130040865300130042165300150043465300220044970000190047177300350049015930971998-11-04 1998 bl uuuu u00u1 u #d1 aTEIXEIRA, S. R. aFazenda Santa Terezabo caso de um produtor de leite em transicao. In: REUNIAO ANUAL DA SOCIEDADE BRASILEIRA DE ZOOTECNIA, 35., 1998, Botucatu. Anais... c1998 ap.105-107 v.4 vv.4 amilk aLeite aSistema de Produção aAdocao de tecnologias aAnalise financeira aCase study aDairy farm aDecisao aDecision aGerencia aManagement aProduction system1 aCALEGAR, G. M. tBotucatu: SBZ, 1998. p.105-107